Normal view
MARC view
- Crimes
Entry Topical Term
001 - CONTROL NUMBER
- control field: 39833
003 - CONTROL NUMBER IDENTIFIER
- control field: OSt
005 - DATE AND TIME OF LATEST TRANSACTION
- control field: 20190919143741.0
008 - FIXED-LENGTH DATA ELEMENTS
- fixed length control field: 190919|| aca||aabn | a|a d
040 ## - CATALOGING SOURCE
- Original cataloging agency: OSt
- Transcribing agency: OSt
150 ## - HEADING--TOPICAL TERM
- Topical term or geographic name entry element: Crimes
- General subdivision: Cyber.
670 ## - SOURCE DATA FOUND
- Source citation: Work cat.: (OSt)14180: 39305 Edwards, Haley Sweetland., Why thieving hackers are fans of the classic ransom note/, c2016.
